000 00392nam a22001577a 4500
005 20160323100129.0
008 110826s2012 nyua 001 0 eng d
020 _a9780071786744
020 _a0071786740
035 _a(OCoLC)748333040
041 0 _aeng
080 _a004
245 1 0 _aHow to do everything :
_cGuy Hart-Davis.
246 3 _aiPod and iTunes
942 _2udc
_cBK
999 _c585
_d585